000 00514nam a2200181Ia 4500
005 20250923144421.0
008 008 250917s9999 xx 000 0 eng d
037 _aTextual
040 _aDSWL
_beng
_cDSWL
041 _aeng
_2eng
084 _aS0aY:45111, N38
_qDSWL
100 _aMenninger, Karl A
_9824704
245 0 _aMan against himself
_cby Karl A Menninger
260 _aNew York
_c1938
300 _a485 p.
942 _cTEXL
_hS0aY:45111, N38
999 _c1438590
_d1438590